In Rainbows Tracklist (Radiohead) - Statistics

General Stats
  • This quiz has been taken 30 times
  • The average score is 9 of 18
Answer Stats
Hint Answer % Correct
1 15 Step
96%
10 Videotape
96%
3 Nude
88%
4 Weird Fishes/ Arpeggi
88%
2 Bodysnatchers
84%
8 House Of Cards
80%
5 All I Need
76%
7 Reckoner
72%
6 Faust Arp
56%
17 Bangers + Mash
20%
15 Last Flowers
20%
11 MK1
20%
14 MK2
20%
18 4 Minute Warning
16%
16 Up On The Ladder
16%
12 Down Is The New Up
12%
13 Go Slowly
12%
9 Jigsaw Falling In Place
8%
No matching quizzes found
Score Distribution
Percent of People with Each Score
Percentile by Number Answered
Your Score History
You have not taken this quiz